00502nmm a2200157Ia 4500008004100000020001800041041000800059100002700067245007200094264005500166300001800221650003000239856005100269942000700320999001700327251105s9999||||xx |||||||||||||||||und|| a9789562845052 aspa aDusaillant, Jacqueline 0aConsejos al investigador :b Guía práctica para hacer una tesis a[Santiago de Chile, Chile] :bRil editores, c2006 a120 páginas aSocial Sciences (General) uhttps://public.digitaliapublishing.com/a/29684 cCF c94380d94380